[Event "24th ch-EUR Indiv w 2024"]
[Site "Rhodes GRE"]
[Date "2024.04.19"]
[Round "1.45"]
[White "Makka, Ioulia"]
[Black "Sliwicka, Alicja"]
[Result "0-1"]
[WhiteTitle "WIM"]
[BlackTitle "WIM"]
[WhiteElo "1983"]
[BlackElo "2315"]
[WhiteFideId "4205316"]
[BlackFideId "1150677"]
[EventDate "2024.04.19"]

1. e4 c5 2. Nf3 Nc6 3. d4 cxd4 4. Nxd4 Nf6 5. Nc3 d6 6. Bg5 e6 7. Qd2 a6 8.
O-O-O Bd7 9. f4 Be7 10. Nf3 b5 11. Bxf6 gxf6 12. g3 Qb6 13. Bh3 b4 14. Ne2 O-O-O
15. Kb1 Kb8 16. Rhf1 Bc8 17. f5 e5 18. c4 Na5 19. b3 Nb7 20. Bg2 Nc5 21. Qc2 Bb7
22. Nd2 Bf8 23. Rfe1 h5 24. Nf1 Bh6 25. Bf3 a5 26. h3 Kc7 27. Nc1 a4 28. Nd3
axb3 29. axb3 Ra8 30. Nxc5 Qxc5 31. Bxh5 Ra3 32. Qb2 Rha8 33. Nd2 Qa5 34. c5
Bxd2 35. cxd6+ Kd7 36. Rxd2 Ra1+ 37. Kc2 Qc5+ 0-1

[Event "24th ch-EUR Indiv w 2024"]
[Site "Rhodes GRE"]
[Date "2024.04.19"]
[Round "1.46"]
[White "Antolak, Julia"]
[Black "Silva, Mariana Sofia T."]
[Result "1-0"]
[WhiteTitle "WGM"]
[BlackTitle "WCM"]
[WhiteElo "2309"]
[BlackElo "1980"]
[WhiteFideId "1159569"]
[BlackFideId "1911899"]
[EventDate "2024.04.19"]

1. e4 c5 2. Nf3 Nc6 3. d4 cxd4 4. Nxd4 e5 5. Nb5 d6 6. N5c3 Nf6 7. Bg5 Be7 8.
Bxf6 Bxf6 9. Nd5 O-O 10. Bc4 Be6 11. O-O Bg5 12. c3 Rc8 13. a4 Ne7 14. Na3 Nxd5
15. Bxd5 Qe7 16. Qb3 Rfd8 17. Bxe6 fxe6 18. Rad1 Rc5 19. Rd3 d5 20. Rfd1 Qf7 21.
Nc2 Rf8 22. Rf3 Bf4 23. Re1 Qh5 24. h3 b6 25. Nb4 Qg6 26. exd5 exd5 27. Nxd5 Kh8
28. Nxf4 exf4 29. Qb4 Rcf5 30. Re4 h6 31. Kh2 a5 32. Qe7 R5f7 33. Re6 Qc2 34.
Qd6 Qxa4 35. Qxb6 Rf5 36. Rd3 f3 37. Rd4 Qb5 38. Rxh6+ Kg8 39. Qe6+ R5f7 40. Rg6
fxg2 41. Rxg7+ Kxg7 42. Rg4+ Kh8 43. Qh6+ 1-0

[Event "24th ch-EUR Indiv w 2024"]
[Site "Rhodes GRE"]
[Date "2024.04.19"]
[Round "1.47"]
[White "Alexandri, Dimitra"]
[Black "Babiy, Olga"]
[Result "0-1"]
[BlackTitle "WGM"]
[WhiteElo "1979"]
[BlackElo "2306"]
[WhiteFideId "42107989"]
[BlackFideId "14117258"]
[EventDate "2024.04.19"]

1. d4 Nf6 2. c4 e6 3. Nc3 Bb4 4. Qc2 d5 5. Bg5 c5 6. a3 Bxc3+ 7. bxc3 Nc6 8. e3
h6 9. Bxf6 Qxf6 10. Nf3 O-O 11. Bd3 dxc4 12. Bxc4 e5 13. dxe5 Nxe5 14. Nxe5 Qxe5
15. O-O Bf5 16. Qb3 Be4 17. f3 Bc6 18. e4 b5 19. Bd5 c4 20. Qb4 Bxd5 21. exd5
Qxd5 22. Rfd1 Qg5 23. a4 a6 24. Rdb1 Rad8 25. Rd1 Rd3 26. axb5 Rfd8 27. Rxd3
cxd3 28. Qe4 axb5 29. Rd1 Qc5+ 30. Kh1 Qxc3 31. Qe7 Qd4 32. Qe4 d2 33. Qxd4 Rxd4
34. Kg1 f5 35. Kf2 f4 36. g3 g5 37. gxf4 gxf4 38. Ke2 Kf7 39. h4 h5 40. Rxd2
Rxd2+ 41. Kxd2 Ke6 42. Kc3 Kd5 43. Kb4 Kd4 44. Kxb5 Ke5 0-1

[Event "24th ch-EUR Indiv w 2024"]
[Site "Rhodes GRE"]
[Date "2024.04.19"]
[Round "1.48"]
[White "Benmesbah, Natacha"]
[Black "Shuqja, Klean"]
[Result "1-0"]
[WhiteTitle "WIM"]
[BlackTitle "WFM"]
[WhiteElo "2306"]
[BlackElo "1977"]
[WhiteFideId "642002"]
[BlackFideId "4701585"]
[EventDate "2024.04.19"]

1. e4 d5 2. exd5 Qxd5 3. Nc3 Qd8 4. d4 Nf6 5. Nf3 Bg4 6. h3 Bxf3 7. Qxf3 c6 8.
g4 e6 9. g5 Nd5 10. Ne4 Nd7 11. Bd2 N7b6 12. O-O-O Be7 13. c4 Nc7 14. h4 Nc8 15.
Bc3 Nd6 16. Ng3 Qd7 17. Nh5 O-O-O 18. Nxg7 Rhg8 19. d5 cxd5 20. cxd5 Kb8 21. Bh3
Qa4 22. dxe6 Qxa2 23. Nf5 Nxf5 24. Bxf5 fxe6 25. Bxh7 Qa1+ 26. Kc2 Qa4+ 27. Kb1
Rgf8 28. Rxd8+ Rxd8 29. Be5 Qa5 30. Qf4 Rf8 31. Qg3 Bd8 32. Rc1 Qb6 33. g6 Rxf2
34. g7 1-0

[Event "24th ch-EUR Indiv w 2024"]
[Site "Rhodes GRE"]
[Date "2024.04.19"]
[Round "1.49"]
[White "Androni, Konstantina"]
[Black "Heinemann, Josefine"]
[Result "0-1"]
[BlackTitle "WGM"]
[WhiteElo "1977"]
[BlackElo "2303"]
[WhiteFideId "4215362"]
[BlackFideId "12900460"]
[EventDate "2024.04.19"]

1. d4 Nf6 2. c4 e6 3. Nc3 Bb4 4. e3 O-O 5. Bd2 d5 6. Nf3 b6 7. cxd5 exd5 8. Rc1
Bb7 9. Bd3 Be7 10. O-O c5 11. Ne5 Nc6 12. Ne2 Bd6 13. f4 Re8 14. Be1 Rc8 15. Bh4
Be7 16. Bxf6 Bxf6 17. Rf3 Qd6 18. Bxh7+ Kf8 19. Bb1 Ba6 20. Bd3 Bxd3 21. Qxd3
Rc7 22. Nc3 cxd4 23. exd4 Qb4 24. Rd1 Rd8 25. Rh3 g6 26. Rd2 Na5 27. a3 Qb3 28.
f5 Nc4 29. Re2 Nxb2 30. Qd2 Rdc8 31. Qxb2 Qxb2 32. Rxb2 Rxc3 33. Rxc3 Rxc3 34.
fxg6 Bxe5 35. dxe5 fxg6 36. Rd2 Rxa3 37. Rxd5 Rb3 38. Rd7 a5 39. Ra7 Rb5 40. Rb7
a4 41. Ra7 Ra5 0-1

[Event "24th ch-EUR Indiv w 2024"]
[Site "Rhodes GRE"]
[Date "2024.04.19"]
[Round "1.50"]
[White "Zherebtsova, Alexandra"]
[Black "Bluebaum, Johanna"]
[Result "1-0"]
[WhiteTitle "WFM"]
[WhiteElo "2302"]
[BlackElo "1977"]
[WhiteFideId "24129518"]
[BlackFideId "24647373"]
[EventDate "2024.04.19"]

1. d4 d5 2. c4 e6 3. Nf3 Nf6 4. g3 Be7 5. Bg2 O-O 6. Qc2 c5 7. dxc5 Bxc5 8. O-O
Bb6 9. cxd5 exd5 10. Nc3 Nc6 11. Bg5 Be6 12. Rad1 h6 13. Bf4 Rc8 14. Qb1 Qd7 15.
e4 d4 16. Na4 Ba5 17. Nc5 Qe7 18. Nxe6 fxe6 19. Ne5 Rfd8 20. Nxc6 bxc6 21. e5
Ne8 22. Qg6 Qf7 23. Qg4 Qf5 24. Qxf5 exf5 25. h4 c5 26. Bh3 g6 27. Bxh6 Nc7 28.
g4 Kh7 29. Bg5 Rf8 30. Be7 Rf7 31. Bxc5 Ne6 32. Bxd4 Rc4 33. Be3 f4 34. Bd2 Bc7
35. Bc3 g5 36. h5 f3 37. Rfe1 Ra4 38. Kh2 Bb6 39. Bf1 Rxa2 40. Kg3 Ra4 41. Bd3+
Kg8 42. Bc2 Bxf2+ 43. Kxf2 Rxg4 44. Bb3 Rg2+ 45. Ke3 f2 46. Bxe6 fxe1=Q+ 47.
Rxe1 Kg7 48. h6+ 1-0

[Event "24th ch-EUR Indiv w 2024"]
[Site "Rhodes GRE"]
[Date "2024.04.19"]
[Round "1.51"]
[White "Federovski, Adi"]
[Black "Rudzinska, Michalina"]
[Result "0-1"]
[BlackTitle "WIM"]
[WhiteElo "1976"]
[BlackElo "2302"]
[WhiteFideId "2813777"]
[BlackFideId "1172883"]
[EventDate "2024.04.19"]

1. e4 c6 2. Nf3 d5 3. Nc3 dxe4 4. Nxe4 Nf6 5. Nxf6+ exf6 6. Bc4 Bd6 7. Qe2+ Be7
8. O-O O-O 9. Re1 Re8 10. d4 a5 11. Bd2 Na6 12. a4 Nc7 13. Qd3 Be6 14. Bxe6 Nxe6
15. c4 Qd7 16. Red1 Bd6 17. g3 Bc7 18. Be3 Rad8 19. d5 Nf8 20. Qb3 Qg4 21. Kg2
cxd5 22. cxd5 f5 23. Rd4 Qg6 24. Nh4 Qf6 25. Rad1 g5 26. d6 Bb8 27. Nf3 h6 28.
d7 Re6 29. Rd5 f4 30. Bd4 Qg6 31. g4 Rd6 32. Rxd6 Bxd6 33. Qxb7 Rxd7 34. Qc6 Qe6
35. h3 Bb4 36. Qb5 Rd5 37. Qd3 Qd7 38. Qa6 Ne6 39. Qc4 Bc5 40. Bxc5 Rxd1 41. Bb6
Qb7 42. Bc5 Nxc5 43. Qxc5 Rd3 0-1

[Event "24th ch-EUR Indiv w 2024"]
[Site "Rhodes GRE"]
[Date "2024.04.19"]
[Round "1.52"]
[White "Zhukova, Natalia"]
[Black "Kordzadze, Nino"]
[Result "1-0"]
[WhiteTitle "GM"]
[WhiteElo "2301"]
[BlackElo "1976"]
[WhiteFideId "14101513"]
[BlackFideId "13603817"]
[EventDate "2024.04.19"]

1. c4 e6 2. Nc3 d5 3. d4 Nf6 4. Nf3 Be7 5. e3 O-O 6. Bd3 dxc4 7. Bxc4 c5 8. O-O
Nbd7 9. Qe2 Nb6 10. Bb3 Bd7 11. Rd1 Qc7 12. e4 cxd4 13. Nxd4 Qe5 14. Nf3 Qh5 15.
e5 Ne8 16. Be3 Bc6 17. Bxb6 axb6 18. Nd4 Qxe2 19. Ncxe2 Ba4 20. Nc3 Bc6 21. Nxc6
bxc6 22. Rd7 Bb4 23. Ne4 Ra5 24. f4 Bc5+ 25. Kf1 Be3 26. g3 c5 27. Rad1 Bd4 28.
Rd2 h5 29. Ng5 f6 30. Nxe6 1-0

[Event "24th ch-EUR Indiv w 2024"]
[Site "Rhodes GRE"]
[Date "2024.04.19"]
[Round "1.53"]
[White "Mashchenko, Tamila"]
[Black "Zimina, Olga"]
[Result "1/2-1/2"]
[BlackTitle "IM"]
[WhiteElo "1970"]
[BlackElo "2299"]
[WhiteFideId "14154463"]
[BlackFideId "4132190"]
[EventDate "2024.04.19"]

1. c4 Nf6 2. Nc3 e5 3. g3 d6 4. Bg2 g6 5. e4 Bg7 6. Nge2 h5 7. h4 Bg4 8. d3 Qd7
9. Be3 Nc6 10. Qd2 Ng8 11. f3 Be6 12. O-O Nd4 13. Nd5 c6 14. Bxd4 exd4 15. Ndf4
Nh6 16. Nxe6 Qxe6 17. Nf4 Qe7 18. Nh3 O-O 19. Qg5 Rae8 20. Nf2 Kh7 21. Qxe7 Rxe7
22. Rab1 a6 23. b4 b5 24. Rfc1 Rc7 25. Rc2 Ng8 26. Rbc1 Ne7 27. Nh3 Rb8 28. Ng5+
Kg8 29. f4 bxc4 30. Rxc4 Rcb7 31. a3 a5 32. bxa5 Ra7 33. Nf3 Rxa5 34. Nxd4 Rxa3
35. Nxc6 Nxc6 36. Rxc6 Bd4+ 37. Kh2 Rxd3 38. Rc8+ Rxc8 39. Rxc8+ Kg7 40. Rc2 Kf6
41. Bf1 Rc3 42. Rxc3 Bxc3 1/2-1/2

[Event "24th ch-EUR Indiv w 2024"]
[Site "Rhodes GRE"]
[Date "2024.04.19"]
[Round "1.54"]
[White "Papp, Sarah"]
[Black "Esadze, Tamari"]
[Result "1-0"]
[WhiteTitle "WGM"]
[WhiteElo "2296"]
[BlackElo "1965"]
[WhiteFideId "24606812"]
[BlackFideId "13611186"]
[EventDate "2024.04.19"]

1. e4 c5 2. Nf3 d6 3. d4 cxd4 4. Nxd4 Nf6 5. Nc3 a6 6. h3 e5 7. Nf3 Be7 8. g4
Be6 9. g5 Nfd7 10. Be3 Nc6 11. Nd5 O-O 12. c3 Rc8 13. h4 Nc5 14. Qc2 Bxd5 15.
exd5 e4 16. dxc6 exf3 17. b4 Ne6 18. cxb7 Rb8 19. Bxa6 d5 20. Rd1 Qd6 21. Bd3 g6
22. Be4 Nf4 23. Bxf3 Rxb7 24. Qd2 Qe6 25. Kf1 Qa6+ 26. Kg1 Ne6 27. Qxd5 Rbb8 28.
Kg2 Rfc8 29. Qb3 Bc5 30. Rhe1 Bxe3 31. Rxe3 Nf4+ 32. Kg3 Ne6 33. a4 Qb6 34. Rd7
Rd8 35. a5 Qb5 36. Rxf7 Nc5 37. Qa2 Qf1 38. Rfe7+ Kh8 39. Qf7 Qg1+ 40. Kh3 Qf1+
41. Bg2 1-0

[Event "24th ch-EUR Indiv w 2024"]
[Site "Rhodes GRE"]
[Date "2024.04.19"]
[Round "1.55"]
[White "Janiashvili, Mariami"]
[Black "Peycheva, Gergana"]
[Result "1-0"]
[WhiteTitle "WFM"]
[BlackTitle "FM"]
[WhiteElo "1964"]
[BlackElo "2295"]
[WhiteFideId "13612077"]
[BlackFideId "2916711"]
[EventDate "2024.04.19"]

1. d4 Nf6 2. c4 e6 3. Nf3 d5 4. g3 Be7 5. Bg2 O-O 6. O-O c6 7. Qc2 b6 8. b3 Bb7
9. Nc3 Nbd7 10. Rd1 c5 11. cxd5 exd5 12. dxc5 Bxc5 13. Bb2 Re8 14. e3 Rc8 15.
Qf5 Qe7 16. Ne1 g6 17. Qg5 Nf8 18. Nxd5 Nxd5 19. Qxe7 Rxe7 20. Bxd5 Bxd5 21.
Rxd5 Rec7 22. Rad1 Be7 23. Kg2 f6 24. h4 Kf7 25. h5 Ne6 26. hxg6+ hxg6 27. Rd7
Nc5 28. Rxc7 Rxc7 29. Nf3 Ne6 30. Rc1 Rd7 31. Kf1 Nc5 32. Ke2 Ne4 33. Nd4 Bc5
34. Rh1 Kg8 35. Rh4 f5 36. Nf3 Rh7 37. Rxh7 Kxh7 38. Ne5 g5 39. Nc6 a6 40. Nb8
a5 41. Nd7 b5 42. f3 Nxg3+ 43. Kf2 Bd6 44. Bc3 a4 45. bxa4 bxa4 46. Be5 Bxe5 47.
Nxe5 Nh5 48. Nd7 a3 49. Ke2 Kg6 50. Ne5+ Kf6 51. Nc4 g4 52. fxg4 fxg4 53. Kf2
Kf5 54. Nxa3 Ke4 55. Nc4 g3+ 56. Ke2 Nf6 57. Nd2+ Ke5 58. Kf3 Kd5 59. Kxg3 Kc5
60. e4 Nd7 1-0

[Event "24th ch-EUR Indiv w 2024"]
[Site "Rhodes GRE"]
[Date "2024.04.19"]
[Round "1.56"]
[White "Klek, Hanna Marie"]
[Black "Dakic, Marta"]
[Result "1-0"]
[WhiteTitle "WGM"]
[WhiteElo "2294"]
[BlackElo "1957"]
[WhiteFideId "24670057"]
[BlackFideId "990043"]
[EventDate "2024.04.19"]

1. e4 e5 2. Nc3 Nf6 3. d4 exd4 4. Qxd4 Nc6 5. Qd3 Bc5 6. Bf4 d6 7. O-O-O Bxf2 8.
Nf3 O-O 9. Qe2 Bc5 10. Bg5 Bg4 11. Nd5 Ne5 12. h3 Bxf3 13. gxf3 Ng6 14. h4 Re8
15. Qg2 Kh8 16. h5 Ne5 17. h6 Rg8 18. hxg7+ Rxg7 19. Bxf6 1-0

[Event "24th ch-EUR Indiv w 2024"]
[Site "Rhodes GRE"]
[Date "2024.04.19"]
[Round "1.57"]
[White "Kroliczek, Gabriela"]
[Black "Kubicka, Anna"]
[Result "0-1"]
[BlackTitle "WIM"]
[WhiteElo "1957"]
[BlackElo "2292"]
[WhiteFideId "21816727"]
[BlackFideId "1152254"]
[EventDate "2024.04.19"]

1. e4 c5 2. Nf3 d6 3. d4 Nf6 4. Nc3 cxd4 5. Qxd4 Nc6 6. Bb5 Bd7 7. Bxc6 Bxc6 8.
Bg5 e6 9. O-O-O Be7 10. Rhe1 O-O 11. Kb1 Qa5 12. Qd2 Qb6 13. Nd4 Rfe8 14. f3
Rad8 15. g4 a6 16. h4 Qc7 17. Nce2 e5 18. Nf5 d5 19. exd5 Nxd5 20. Bxe7 Nxe7 21.
Qg5 Nxf5 22. gxf5 f6 23. Qg4 b5 24. Ng3 Rxd1+ 25. Rxd1 Rd8 26. Rg1 Rd2 27. Ne4
Bxe4 28. Qxe4 h6 29. Kc1 Rd4 30. Qa8+ Rd8 31. Qxa6 Qc5 32. Re1 Qb4 33. c3 Qf4+
34. Kb1 Qd2 35. Rc1 Qd3+ 36. Ka1 Qc2 37. Rb1 Rd1 38. Qa8+ Kh7 39. Qe4 Rxb1# 0-1

[Event "24th ch-EUR Indiv w 2024"]
[Site "Rhodes GRE"]
[Date "2024.04.19"]
[Round "1.58"]
[White "Lach, Aleksandra"]
[Black "Tsetskhladze, Mariam"]
[Result "1-0"]
[WhiteTitle "WIM"]
[BlackTitle "WCM"]
[WhiteElo "2292"]
[BlackElo "1955"]
[WhiteFideId "1134299"]
[BlackFideId "13623834"]
[EventDate "2024.04.19"]

1. d4 Nf6 2. Nc3 d5 3. Bf4 e6 4. e3 Be7 5. Bd3 O-O 6. Nf3 c5 7. dxc5 Bxc5 8. O-O
Nc6 9. e4 d4 10. Ne2 Nh5 11. e5 Nxf4 12. Nxf4 g6 13. Bc4 Re8 14. Qe2 Bf8 15.
Rad1 Qb6 16. b3 Bg7 17. Rfe1 Rd8 18. Qe4 Qa5 19. a4 a6 20. Bd3 Qc7 21. h4 b6 22.
h5 Bb7 23. hxg6 hxg6 24. Qe2 Nb4 25. Ng5 Nxd3 26. cxd3 Qe7 27. Qg4 Bh6 28. Ngh3
Kh7 29. Ne2 f5 30. exf6 Qxf6 31. Ng3 Bd5 32. Ne4 Bxe4 33. Rxe4 e5 34. Rde1 Rd5
35. f4 Re8 36. Qe2 Kg7 37. Kh1 Qc6 38. Qg4 Qe6 39. Qxe6 Rxe6 40. g4 Kf7 41. g5
Bg7 42. Ng1 Ke7 43. Nf3 Kd6 44. Kg2 Re7 45. R1e2 Re6 46. Kh3 Re8 47. Kg4 Re7 48.
Nh4 Rc7 49. Nxg6 exf4 50. Re6+ Kd7 51. Nxf4 Rdc5 52. Re7+ Kc8 53. Re8+ Kd7 54.
R2e7+ Kd6 55. Re6+ Kd7 56. R8e7+ Kd8 57. Rxc7 Rxc7 58. Rxb6 1-0

[Event "24th ch-EUR Indiv w 2024"]
[Site "Rhodes GRE"]
[Date "2024.04.19"]
[Round "1.59"]
[White "Follana Albelda, Lucia"]
[Black "Schulze, Lara"]
[Result "0-1"]
[BlackTitle "FM"]
[WhiteElo "1954"]
[BlackElo "2290"]
[WhiteFideId "24516937"]
[BlackFideId "12956830"]
[EventDate "2024.04.19"]

1. e4 e5 2. Nf3 Nc6 3. Bc4 Nf6 4. d3 h6 5. O-O d6 6. a4 g6 7. a5 a6 8. c3 Bg7 9.
Re1 O-O 10. h3 Nh5 11. d4 Qf6 12. Be3 Nf4 13. d5 Ne7 14. Bxf4 exf4 15. Na3 g5
16. e5 dxe5 17. Nxe5 Qd6 18. Ng4 Bf5 19. Qf3 Ng6 20. Bd3 Nh4 21. Qd1 Qxd5 22.
Bf1 Qc6 23. Ne5 Bxe5 24. Rxe5 Bxh3 25. f3 Be6 26. Nc2 Rad8 27. Nd4 Qd6 28. Qe1
Rfe8 29. Qe4 c5 30. Nxe6 Rxe6 31. Re1 Rde8 32. Rxe6 Rxe6 33. Qb1 Rxe1 34. Qxe1
Qe6 35. Qf2 Qe5 36. Bd3 Nf5 37. Bb1 Kg7 38. Qc2 Kf6 39. Qd1 Ke7 40. Be4 Nd6 41.
Qb3 g4 42. Bxb7 Qe1+ 43. Kh2 g3+ 44. Kh3 f5 0-1

[Event "24th ch-EUR Indiv w 2024"]
[Site "Rhodes GRE"]
[Date "2024.04.19"]
[Round "1.60"]
[White "Hrebenshchykova, Yelyzaveta"]
[Black "Stefanidi, Maria-Anna"]
[Result "1/2-1/2"]
[WhiteTitle "WIM"]
[BlackTitle "WFM"]
[WhiteElo "2289"]
[BlackElo "1944"]
[WhiteFideId "14159899"]
[BlackFideId "4207750"]
[EventDate "2024.04.19"]

1. e4 e5 2. Nf3 Nc6 3. Bb5 a6 4. Ba4 Bc5 5. c3 Nge7 6. O-O Ng6 7. d4 Ba7 8. Bxc6
dxc6 9. Nxe5 Nxe5 10. dxe5 Qe7 11. Qh5 h6 12. Bf4 Bd7 13. Nd2 O-O-O 14. Rad1 g5
15. Bg3 Be6 16. Nb3 Rdf8 17. Kh1 f5 18. exf6 Qxf6 19. e5 Qe7 20. f3 Kb8 21. Rfe1
Bf7 22. Qh3 Be6 23. Qh5 Bf7 24. Qh3 Be6 25. Qh5 Bf7 1/2-1/2

[Event "24th ch-EUR Indiv w 2024"]
[Site "Rhodes GRE"]
[Date "2024.04.19"]
[Round "1.61"]
[White "Stefan, Iulia-Cristiana"]
[Black "Movsesian, Julia"]
[Result "1/2-1/2"]
[BlackTitle "WGM"]
[WhiteElo "1938"]
[BlackElo "2276"]
[WhiteFideId "1273876"]
[BlackFideId "4139690"]
[EventDate "2024.04.19"]

1. d4 d5 2. Nf3 Nf6 3. Bf4 e6 4. e3 c5 5. Nbd2 Nc6 6. c3 cxd4 7. exd4 Nh5 8. Be3
Bd6 9. Bd3 Nf4 10. Bxf4 Bxf4 11. O-O O-O 12. Nb3 Bd6 13. Ne5 Qc7 14. f4 g6 15.
Be2 Ne7 16. Qd2 b6 17. a4 a6 18. Nc1 Bb7 19. a5 bxa5 20. Nb3 Rad8 21. Nxa5 Bc8
22. b4 f6 23. Nd3 g5 24. Bg4 Ng6 25. fxg5 Bxh2+ 26. Kh1 Qg3 27. gxf6 Qh4 28. Bh3
Bg3 29. Nc6 Rde8 30. Nce5 Rxf6 31. Rxf6 Qxf6 32. Qe3 1/2-1/2

[Event "24th ch-EUR Indiv w 2024"]
[Site "Rhodes GRE"]
[Date "2024.04.19"]
[Round "1.62"]
[White "Terbe, Julianna"]
[Black "Silva, Ana Ines Teixeira Da"]
[Result "1-0"]
[WhiteTitle "WIM"]
[BlackTitle "WFM"]
[WhiteElo "2274"]
[BlackElo "1933"]
[WhiteFideId "708780"]
[BlackFideId "1932543"]
[EventDate "2024.04.19"]

1. Nf3 d5 2. d4 Nf6 3. c4 e6 4. g3 dxc4 5. Bg2 c5 6. O-O Nc6 7. Qa4 Bd7 8. dxc5
Na5 9. Qa3 b6 10. b4 cxb3 11. axb3 Bxc5 12. b4 Be7 13. Ne5 Rc8 14. Rd1 Nc4 15.
Nxc4 Rxc4 16. Qxa7 Bxb4 17. Na3 Rc8 18. Nb5 Nd5 19. Bxd5 exd5 20. Rxd5 Qe7 21.
Nc7+ Kf8 22. Bg5 f6 23. Rad1 Bh3 24. Bf4 g5 25. Bxg5 fxg5 26. Qxb6 Rxc7 27. Qh6+
Kf7 28. Qxh3 Qe6 29. Qh5+ Qg6 30. Qf3+ Kg7 31. Qe3 Re8 32. Qd4+ Qf6 33. Rxg5+
Kf7 34. Qg4 Rc5 35. Rg7+ Kf8 36. Rg8+ Kf7 37. Rxe8 Kxe8 38. Qxb4 Qc6 39. Qb8+
Kf7 40. Qf4+ Kg7 41. Qg4+ Kf8 42. Qf3+ Qxf3 43. exf3 Kg7 44. Kg2 Kg6 45. g4 h5
46. h4 Kf6 47. Rd6+ Kg7 48. g5 Rc4 49. Kg3 Rb4 50. Rh6 1-0

[Event "24th ch-EUR Indiv w 2024"]
[Site "Rhodes GRE"]
[Date "2024.04.19"]
[Round "1.63"]
[White "Vasylchuk, Diana"]
[Black "Urh, Zala"]
[Result "0-1"]
[BlackTitle "WIM"]
[WhiteElo "1931"]
[BlackElo "2263"]
[WhiteFideId "34134611"]
[BlackFideId "14611481"]
[EventDate "2024.04.19"]

1. e4 c5 2. Nf3 g6 3. d4 cxd4 4. Nxd4 Nc6 5. Nc3 Bg7 6. Be3 Nf6 7. Bc4 O-O 8.
Bb3 d6 9. h3 Bd7 10. O-O Rc8 11. Kh1 a6 12. a4 Na5 13. Ba2 Nc4 14. Bxc4 Rxc4 15.
Qd3 Qc8 16. Nde2 Be6 17. Bd2 Nd7 18. f4 f5 19. exf5 Bxf5 20. Qd5+ Kh8 21. Rac1
Nb6 22. Qf3 Nxa4 23. Nxa4 Rxa4 24. Nc3 Rc4 25. Rfe1 e5 26. fxe5 dxe5 27. Qg3 Re8
28. Re2 b5 29. b3 Rc5 30. Qe3 e4 31. Na2 Rxc2 32. Rxc2 Qxc2 33. Bc3 Qd1+ 34. Re1
Qd6 35. g4 Bc8 36. Bxg7+ Kxg7 37. Qc3+ Qe5 38. Kg1 Qxc3 39. Nxc3 Bb7 40. Re3 Kf6
41. Kf2 Ke5 42. Ke2 Rd8 43. b4 Rd4 44. Na2 Bd5 45. Ra3 Bc4+ 46. Kf2 Rd2+ 0-1

[Event "24th ch-EUR Indiv w 2024"]
[Site "Rhodes GRE"]
[Date "2024.04.19"]
[Round "1.64"]
[White "Berend, Elvira"]
[Black "Grapsa, Georgia"]
[Result "1/2-1/2"]
[WhiteTitle "WGM"]
[BlackTitle "WFM"]
[WhiteElo "2260"]
[BlackElo "1920"]
[WhiteFideId "4000510"]
[BlackFideId "4206436"]
[EventDate "2024.04.19"]

1. Nf3 Nf6 2. c4 c5 3. g3 d5 4. cxd5 Nxd5 5. Bg2 Nc6 6. O-O e5 7. Nc3 Nc7 8. d3
Be7 9. Be3 O-O 10. Nd2 Bd7 11. Nc4 f6 12. a4 b6 13. f4 exf4 14. Bxf4 Ne6 15. Bd2
Rc8 16. a5 Nxa5 17. Nxa5 bxa5 18. Nd5 a4 19. Nc3 c4 20. Nxa4 cxd3 21. exd3 Nc5
22. Nxc5 Bxc5+ 23. Kh1 Be6 24. Bc3 1/2-1/2

[Event "24th ch-EUR Indiv w 2024"]
[Site "Rhodes GRE"]
[Date "2024.04.19"]
[Round "1.65"]
[White "Mihailidou, Magdalini"]
[Black "Toncheva, Nadya"]
[Result "0-1"]
[BlackTitle "FM"]
[WhiteElo "1915"]
[BlackElo "2258"]
[WhiteFideId "25801236"]
[BlackFideId "2924056"]
[EventDate "2024.04.19"]

1. e4 c5 2. Nf3 Nc6 3. d4 cxd4 4. Nxd4 e6 5. Nc3 Qc7 6. Nb3 a6 7. Be3 b5 8. f4
Nf6 9. Bd3 d6 10. Qf3 Bb7 11. O-O Be7 12. Kh1 O-O 13. Qh3 b4 14. Ne2 Nd7 15. e5
g6 16. exd6 Bxd6 17. Rad1 Rfd8 18. Ned4 Nxd4 19. Bxd4 e5 20. f5 Nf8 21. Be3 e4
22. Be2 Be5 23. fxg6 hxg6 24. Nc5 Rxd1 25. Rxd1 Re8 26. Bc4 Rd8 27. Rf1 Bd5 28.
Bxd5 Rxd5 29. Nxe4 Bxb2 30. Bc5 Rh5 31. Bd6 Qxc2 32. Qe3 Qc4 33. Nd2 Qxa2 34.
Bxb4 Qe6 35. Qxe6 Nxe6 36. Nc4 Bg7 37. g3 Rd5 38. Ne3 Rb5 39. Bd6 Rb2 40. Nc4
Re2 41. Be7 Ra2 42. Bb4 Nd4 43. Bc3 Rc2 44. Bxd4 Bxd4 45. Nd6 f5 46. Nb7 Ra2 47.
Rc1 Ra1 48. Rxa1 Bxa1 49. Kg2 Kf7 50. Kf3 Bd4 51. Na5 Bc3 52. Nc4 a5 53. Ke3 a4
54. Kd3 Bf6 55. Nd2 a3 56. Nb3 a2 57. Ke3 a1=Q 58. Nxa1 Bxa1 59. Kf4 Kf6 0-1

[Event "24th ch-EUR Indiv w 2024"]
[Site "Rhodes GRE"]
[Date "2024.04.19"]
[Round "1.66"]
[White "Velikic, Adela"]
[Black "Karaivanova, Petya"]
[Result "1-0"]
[WhiteTitle "WIM"]
[BlackTitle "WFM"]
[WhiteElo "2258"]
[BlackElo "1909"]
[WhiteFideId "913553"]
[BlackFideId "2919150"]
[EventDate "2024.04.19"]

1. d4 d5 2. c4 e6 3. Nf3 Nf6 4. Nc3 c6 5. e3 Bd6 6. Qc2 Nbd7 7. Bd3 Qe7 8. O-O
O-O 9. h3 dxc4 10. Bxc4 e5 11. Rd1 Nb6 12. dxe5 Bxe5 13. Nxe5 Qxe5 14. Bd3 Be6
15. b3 Rfd8 16. Bb2 Qg5 17. f4 Qg3 18. Qf2 Qxf2+ 19. Kxf2 c5 20. f5 c4 21. Bc2
cxb3 22. axb3 Bd7 23. e4 Bc6 24. Rxd8+ Rxd8 25. Ke3 a6 26. g4 h6 27. Rd1 Re8 28.
Kf4 g5+ 29. Ke3 Nbd5+ 30. Nxd5 Nxd5+ 31. Kf3 Nb4 32. Bb1 a5 33. Rd6 Kh7 34. Bc3
Na6 35. Bd4 Nc7 36. Bd3 Re7 37. Bf6 Re8 38. Bb1 Na6 39. Bd4 Nc7 40. Bd3 Re7 41.
Rd8 Re8 42. Rxe8 Nxe8 43. Be5 Kg8 44. Bc2 f6 45. Bd4 b5 46. Ke3 Kf7 47. Bc5 a4
48. Kd4 Nc7 49. Bd6 Ne8 50. Ba3 Kg7 51. bxa4 bxa4 52. Kc5 Bb7 53. Bxa4 Bxe4 54.
Bxe8 Bg2 55. Bh5 Bxh3 56. Kd6 1-0

[Event "24th ch-EUR Indiv w 2024"]
[Site "Rhodes GRE"]
[Date "2024.04.19"]
[Round "1.67"]
[White "Gajcin, Jasmina"]
[Black "Starosta, Martyna"]
[Result "0-1"]
[WhiteTitle "WCM"]
[BlackTitle "WFM"]
[WhiteElo "1908"]
[BlackElo "2254"]
[WhiteFideId "939030"]
[BlackFideId "21818754"]
[EventDate "2024.04.19"]

1. e4 e6 2. d4 d5 3. Nc3 Nf6 4. e5 Nfd7 5. f4 c5 6. Nf3 Qb6 7. Be3 a6 8. Qd2
Qxb2 9. Rb1 Qa3 10. f5 Nc6 11. fxe6 fxe6 12. Rb3 Qa5 13. Qf2 c4 14. Ng5 Ndxe5
15. dxe5 cxb3 16. Qf7+ Kd8 17. Bd2 bxc2 18. Ne2 Bb4 0-1